| 000 | 01227nam a22002297a 4500 | ||
|---|---|---|---|
| 003 | CO-ViMGA | ||
| 008 | 151217b xxu||||| |||| 00| 0 eng d | ||
| 020 | _a9789588827155 | ||
| 040 |
_aCO-ViMGA _bspa _cCO-ViMGA |
||
| 082 |
_a027.6 _bL471le |
||
| 245 | 1 | 0 |
_aLectura, libro y bibliotecas / _cilustración Daniel Gómez |
| 260 |
_a[Bogotá] : _bMinisterio de Cultura, _cc2014 |
||
| 300 |
_a123 p. : _bil. |
||
| 490 | _aLeer es mi cuento | ||
| 504 | _aIncluye referencias bibliográficas | ||
| 520 | _aLa presente obra recoge las orientaciones en torno a la relacion de los niños y las niñas con la biblioteca. planteando una serie de reflexiones relacionadas con el sentido de la lectura y la literatura con la cotidianidad del ser, y el rol de los adultos mediadores y cuidadores. De tal forma esta obra busca impulsar las estrategias para que los niños y niñas en la primera infancia y sus familias tengan acceso a los libros y a la lectura, y participen de las experiencias que resultan de las paginas que recrean otros mundos posibles. | ||
| 650 | 1 | 4 |
_aBibliotecas públicas _92162 |
| 650 | 1 | 4 |
_aBibliotecas _92164 |
| 650 | 1 | 4 |
_aLibros y lectura _92163 |
| 650 | 1 | 4 |
_aPromoción de la lectura _91672 |
| 942 |
_2ddc _cBK |
||
| 999 |
_c11107 _d11107 |
||